| 000 | 00597nam a2200205Ia 4500 | ||
|---|---|---|---|
| 003 | OSt | ||
| 005 | 20220519040208.0 | ||
| 008 | 160115b xxu||||| |||| 00| 0 eng d | ||
| 020 | _a97881700061 | ||
| 040 |
_aMMU _beng _cMMU _dMMU |
||
| 050 |
_aZ 692 _b.S65 E 425 2010 |
||
| 100 |
_9380 _aSukula, Shiva |
||
| 245 |
_aElectronic resource management what, why and how/ _cShiva Sukula. |
||
| 260 |
_aNew Delhi : _bEss Ess, _c2010. |
||
| 300 | _axi, 637 p. : | ||
| 500 | _aIncludes index | ||
| 650 | 0 |
_aE-resource management _9381 |
|
| 942 |
_2lcc _cLOAN LOAN |
||
| 980 | _a^d20120125 03:58:01^okorir | ||
| 999 |
_c8700 _d8700 |
||